Di quale calciatore stiamo parlando? #2 - Statistics

Statistiche generali
  • Questo quiz è stato fatto 95 volte
  • Il punteggio medio è 6 su 10
Statistiche sulle risposte
Azione Calciatore % Corretto
Ultimo pallone d'oro italiano Fabio Cannavaro
95%
Capocannoniere Serie A 2020/21 Cristiano Ronaldo
82%
Ha fatto 2 errori decisivi nella finale di Champions League 2017/18 Loris Karius
74%
Ha segnato in finale dei mondiali del 2010 il gol vittoria per la sua nazione Andrès Iniesta
72%
Campione del mondo compagno di Benzema nel Al-Ittihad N'golo Kantè
67%
Passato dal Club Brugge al Milan per 32mln Charles De Ketelaere
64%
Durante Juvetus-Sassuolo è stato al centro dello scandalo per aver SPUTATO a Di Francesco Douglas Costa
56%
È stato espluso in semifinale di UCL del 2010 dopo un contatto simulato di Busquets ,che da terra spiò la situazione Thiago Motta
46%
Attaccante brasiliano del Napoli di Maradona Careca
41%
Componeva insieme a Brehme e Matthaus il trio dei tedeschi dell'Inter degli anni 90 Jürgen Klinsmann
31%
Nessun quiz corrispondente trovato
Distribuzione punteggi
Percentuale di utenti per punteggio
Percentile per numero di risposta
I tuoi punteggi nel tempo
Non hai fatto questo quiz